| 000 | 00646nam a22001817a 4500 | ||
|---|---|---|---|
| 005 | 20251108172738.0 | ||
| 008 | 250721s2000 xx 000 0 ara d | ||
| 082 | 1 | 4 | _a189.12/لان |
| 100 | 1 |
_aلانفاد، جاك _eمؤلف |
|
| 245 | 1 | 0 |
_aمن القرآن إلى الفلسفة : _bاللسان العربي وتكوين القاموس الفلسفي لدى الفارابي / |
| 264 | 1 |
_aسوريا : _bوزارة الثقافة، _c2000. |
|
| 300 | _a497ص. | ||
| 650 | 1 | 7 | _aالفلسفة الإسلامية |
| 650 | 1 | 7 | _aالقرآن المجيد |
| 700 | 1 |
_aأسعد، وجيه _eمترجم |
|
| 942 |
_2ddc _cBK |
||
| 999 |
_c87413 _d87413 |
||